<?xml version="1.0" encoding="UTF-8"?>
<collection xmlns="http://www.loc.gov/MARC21/slim">
 <record>
  <leader>02402caa a2200517   4500</leader>
  <controlfield tag="001">1478379340</controlfield>
  <controlfield tag="003">DE-627</controlfield>
  <controlfield tag="005">20220601141228.0</controlfield>
  <controlfield tag="007">cr cn 008aaaaa</controlfield>
  <controlfield tag="008">140625s1977    xx |||||oo    00| ||ger c</controlfield>
  <datafield tag="024" ind1="7" ind2=" ">
   <subfield code="a">10.11588/nbdpfbw.1977.2.14541</subfield>
   <subfield code="2">doi</subfield>
  </datafield>
  <datafield tag="035" ind1=" " ind2=" ">
   <subfield code="a">(DE-627)1478379340</subfield>
  </datafield>
  <datafield tag="035" ind1=" " ind2=" ">
   <subfield code="a">(DE-576)408379340</subfield>
  </datafield>
  <datafield tag="035" ind1=" " ind2=" ">
   <subfield code="a">(DE-599)BSZ408379340</subfield>
  </datafield>
  <datafield tag="035" ind1=" " ind2=" ">
   <subfield code="a">(OCoLC)1263626467</subfield>
  </datafield>
  <datafield tag="040" ind1=" " ind2=" ">
   <subfield code="a">DE-627</subfield>
   <subfield code="b">ger</subfield>
   <subfield code="c">DE-627</subfield>
   <subfield code="e">rakwb</subfield>
  </datafield>
  <datafield tag="041" ind1=" " ind2=" ">
   <subfield code="a">ger</subfield>
  </datafield>
  <datafield tag="084" ind1=" " ind2=" ">
   <subfield code="a">9,10</subfield>
   <subfield code="2">ssgn</subfield>
  </datafield>
  <datafield tag="100" ind1="1" ind2=" ">
   <subfield code="a">Lutz, Dietrich</subfield>
   <subfield code="d">1940-1999</subfield>
   <subfield code="0">(DE-588)122681193</subfield>
   <subfield code="0">(DE-627)082088675</subfield>
   <subfield code="0">(DE-576)214363953</subfield>
   <subfield code="4">aut</subfield>
  </datafield>
  <datafield tag="245" ind1="1" ind2="0">
   <subfield code="a">J. Habich (Bearb.), Stadtkernatlas Schleswig-Holstein</subfield>
   <subfield code="b">[Rezension]</subfield>
   <subfield code="c">Dietrich Lutz</subfield>
  </datafield>
  <datafield tag="264" ind1=" " ind2="1">
   <subfield code="c">1977</subfield>
  </datafield>
  <datafield tag="336" ind1=" " ind2=" ">
   <subfield code="a">Text</subfield>
   <subfield code="b">txt</subfield>
   <subfield code="2">rdacontent</subfield>
  </datafield>
  <datafield tag="337" ind1=" " ind2=" ">
   <subfield code="a">Computermedien</subfield>
   <subfield code="b">c</subfield>
   <subfield code="2">rdamedia</subfield>
  </datafield>
  <datafield tag="338" ind1=" " ind2=" ">
   <subfield code="a">Online-Ressource</subfield>
   <subfield code="b">cr</subfield>
   <subfield code="2">rdacarrier</subfield>
  </datafield>
  <datafield tag="533" ind1=" " ind2=" ">
   <subfield code="a">Online-Ausg.</subfield>
   <subfield code="b">Heidelberg</subfield>
   <subfield code="c">Univ.-Bibl.</subfield>
   <subfield code="d">2014</subfield>
   <subfield code="e">Online-Ressource</subfield>
   <subfield code="7">|2014||||||||||</subfield>
  </datafield>
  <datafield tag="583" ind1="1" ind2=" ">
   <subfield code="a">Archivierung/Langzeitarchivierung gewährleistet</subfield>
   <subfield code="2">pdager</subfield>
   <subfield code="5">DE-16</subfield>
  </datafield>
  <datafield tag="655" ind1=" " ind2="7">
   <subfield code="a">Rezension</subfield>
   <subfield code="0">(DE-588)4049712-4</subfield>
   <subfield code="0">(DE-627)106186019</subfield>
   <subfield code="0">(DE-576)209083166</subfield>
   <subfield code="2">gnd-content</subfield>
  </datafield>
  <datafield tag="689" ind1="0" ind2="0">
   <subfield code="d">g</subfield>
   <subfield code="0">(DE-588)4052692-6</subfield>
   <subfield code="0">(DE-627)106171313</subfield>
   <subfield code="0">(DE-576)209099356</subfield>
   <subfield code="a">Schleswig-Holstein</subfield>
   <subfield code="2">gnd</subfield>
  </datafield>
  <datafield tag="689" ind1="0" ind2="1">
   <subfield code="d">s</subfield>
   <subfield code="0">(DE-588)4056795-3</subfield>
   <subfield code="0">(DE-627)106153706</subfield>
   <subfield code="0">(DE-576)209119012</subfield>
   <subfield code="a">Städtebau</subfield>
   <subfield code="2">gnd</subfield>
  </datafield>
  <datafield tag="689" ind1="0" ind2="2">
   <subfield code="d">s</subfield>
   <subfield code="0">(DE-588)4182745-4</subfield>
   <subfield code="0">(DE-627)105308110</subfield>
   <subfield code="0">(DE-576)210013788</subfield>
   <subfield code="a">Stadtkern</subfield>
   <subfield code="2">gnd</subfield>
  </datafield>
  <datafield tag="689" ind1="0" ind2="3">
   <subfield code="d">s</subfield>
   <subfield code="0">(DE-588)4036546-3</subfield>
   <subfield code="0">(DE-627)10450952X</subfield>
   <subfield code="0">(DE-576)209019271</subfield>
   <subfield code="a">Luftbild</subfield>
   <subfield code="2">gnd</subfield>
  </datafield>
  <datafield tag="689" ind1="0" ind2=" ">
   <subfield code="5">(DE-627)</subfield>
  </datafield>
  <datafield tag="773" ind1="0" ind2="8">
   <subfield code="i">In</subfield>
   <subfield code="t">Denkmalpflege in Baden-Württemberg</subfield>
   <subfield code="d">Stuttgart : Landesamt, 1972</subfield>
   <subfield code="g">6(1977), 2, Seite 94</subfield>
   <subfield code="h">Online-Ressource</subfield>
   <subfield code="w">(DE-627)35569123X</subfield>
   <subfield code="w">(DE-600)2090948-2</subfield>
   <subfield code="w">(DE-576)101380011</subfield>
   <subfield code="x">2366-486X</subfield>
   <subfield code="7">nnns</subfield>
  </datafield>
  <datafield tag="773" ind1="1" ind2="8">
   <subfield code="g">volume:6</subfield>
   <subfield code="g">year:1977</subfield>
   <subfield code="g">number:2</subfield>
   <subfield code="g">pages:94</subfield>
  </datafield>
  <datafield tag="787" ind1="0" ind2="8">
   <subfield code="i">Rezension von</subfield>
   <subfield code="t">Stadtkernatlas Schleswig-Holstein</subfield>
   <subfield code="d">Neumünster : Wachholtz, 1976</subfield>
   <subfield code="h">XI, 216 S.</subfield>
   <subfield code="w">(DE-627)026743566</subfield>
   <subfield code="w">(DE-576)022187634</subfield>
   <subfield code="z">3529053031</subfield>
  </datafield>
  <datafield tag="856" ind1="4" ind2="0">
   <subfield code="u">http://dx.doi.org/10.11588/nbdpfbw.1977.2.14541</subfield>
   <subfield code="x">Verlag</subfield>
   <subfield code="x">Resolving-System</subfield>
   <subfield code="z">kostenfrei</subfield>
   <subfield code="3">Volltext</subfield>
  </datafield>
  <datafield tag="935" ind1=" " ind2=" ">
   <subfield code="h">SWB</subfield>
   <subfield code="i">ld</subfield>
  </datafield>
  <datafield tag="936" ind1="u" ind2="w">
   <subfield code="d">6</subfield>
   <subfield code="j">1977</subfield>
   <subfield code="e">2</subfield>
   <subfield code="h">94</subfield>
  </datafield>
  <datafield tag="951" ind1=" " ind2=" ">
   <subfield code="a">AR</subfield>
  </datafield>
  <datafield tag="994" ind1=" " ind2=" ">
   <subfield code="u">https://journals.ub.uni-heidelberg.de/index.php/nbdpfbw/article/view/14541/8416</subfield>
  </datafield>
  <datafield tag="990" ind1=" " ind2=" ">
   <subfield code="a">Schleswig-Holstein</subfield>
  </datafield>
  <datafield tag="990" ind1=" " ind2=" ">
   <subfield code="a">Städtebau</subfield>
  </datafield>
  <datafield tag="990" ind1=" " ind2=" ">
   <subfield code="a">Stadtkern</subfield>
  </datafield>
  <datafield tag="990" ind1=" " ind2=" ">
   <subfield code="a">Luftbild</subfield>
  </datafield>
  <datafield tag="991" ind1=" " ind2=" ">
   <subfield code="a">Rezension (Monographie, Zeitschrift, Aufsatz)</subfield>
  </datafield>
  <datafield tag="999" ind1=" " ind2=" ">
   <subfield code="a">KXP-PPN1478379340</subfield>
   <subfield code="e">4178617060</subfield>
  </datafield>
 </record>
</collection>
